000 01309nam a22002057a 4500
999 _c60210
_d60210
003 Ge_BSU
005 20230619151502.0
008 230619s1969 ge ||||| |||| 00| 0 geo d
041 _ageo
080 _a821.341.1-1 თ-26
245 _aთამუზის სიზმარი :
_bძველი შუამდინარული პოეზია /
_cთარგმანი შუმერულიდან და აქადურიდან და წინასიტყვ. ზ. კიკნაძისა
264 _aთბილისი :
_bნაკადული,
_c1969.
300 _a171გვ. ;
_b20სმ.
500 _aშენიშვნები და ლექსიკონი: გვ.147-169.
653 _aშუამდინარული პოეზია -- თარგმანები ქართულ ენაზე.
653 _aუმერული პოეზია -- თარგმანები ქართულ ენაზე.
653 _aაქადური პოეზია -- თარგმანები ქართულ ენაზე
700 _aკიკნაძე, ზურაბ
_eმთარგმნელი, წინასიტყვაობის ავტორი.
_918805
942 _2udc
_cBK